An introduction to variational inequalities and their applications

Guardat en:
Dades bibliogràfiques
Autors principals: Kinderlehrer, David (Autor), Stampacchia, Guido (Autor)
Format: Llibre
Idioma:anglès
Publicat: Nueva York Academic Press 1980
Col·lecció:Pure and Applied Mathematics
Matèries:
Etiquetes: Afegir etiqueta
Sense etiquetes, Sigues el primer a etiquetar aquest registre!

MARC

LEADER 00000nam a2200000 a 4500
001 UCP0221
003 CL-VaPUC
008 990305e19800000US |||||||||||||||||eng|d
082 0 4 |a 512.97  |b KIN  |2 21 
100 0 |a Kinderlehrer, David  |e author  |9 425244 
700 0 |a Stampacchia, Guido  |e author  |9 425245 
245 1 3 |a An introduction to variational inequalities and their applications 
300 |a 313 p 
942 |c BK 
945 |d 19990305 00:00:00  |a cmena 
260 |a Nueva York  |b Academic Press  |c 1980 
650 7 |a DESIGUALDAD MATEMATICA  |2 CL-VaPUC  |9 425246 
650 0 |a Cálculo de variaciones   |9 270526 
650 0 |a Espacio de Hilbert   |9 260141 
650 0 |a Álgebra  |9 259567 
650 7 |a OPERADORES MONOTONOS  |2 CL-VaPUC  |9 425247 
583 |a last modification  |c 19990305 00:00:00  |k Rodrigo Vera 
490 0 |a Pure and Applied Mathematics 
999 |c 279061  |d 279059 
952 |0 0  |1 0  |4 0  |6 512_970000000000000_KIN_1980  |7 0  |8 A  |9 317972  |a BIBMAT  |b BIBMAT  |d 2019-11-20  |i 1498355  |o 512.97 KIN 1980  |p 1498355  |r 2025-01-07  |w 2019-11-20  |y BK  |k MAT